000
00371nam a22001577a 4500
003
MPLRDC
005
20220104144137.0
008
210129b ||||| |||| 00| 0 eng d
082
_a
868.71 LXD c.2
100
_a
李系德
245
_a
古灵精怪集
_c
260
_a
_b
人间出版社
_c
1978
300
_b
平
650
_a
马华文学
942
_c
BK
_o
868.71 LXD c.2
999
_c
46789
_d
46779